Bossa de paper de la campanya 'Turisme Total a prop de Barcelona' de la Diputació de Barcelona
Descripción Física:
1 bossa de paper ; 37 x 32 cm
MARC
| LEADER | 00000nrm a2200000Ia 4500 | ||
|---|---|---|---|
| 001 | 24499 | ||
| 008 | 160829s9999 xx 000 0 cat d | ||
| 080 | |a NBM-11-18 | ||
| 245 | |a Bossa de paper de la campanya 'Turisme Total a prop de Barcelona' de la Diputació de Barcelona |h [Bossa] | ||
| 260 | |a [Barcelona] : |b [Diputació de Barcelona. Oficina de Promoció Turística], |c [s.a.] | ||
| 300 | |a 1 bossa de paper ; |c 37 x 32 cm | ||
| 590 | |a Bossa amb la pàgina web (www.diba.es/turismetotal) | ||
| 650 | 0 | |9 54098 |a Objectes publicitaris | |
| 655 | 0 | |a Bosses |9 54970 | |
| 710 | 1 | |a Barcelona (Catalunya : Província). |b Oficina de Promoció Turística |9 51402 | |
| 901 | |a Arxiu | ||
| 942 | |n 1 |2 udc | ||
| 952 | |0 0 |1 0 |4 0 |6 NBM1118 |7 1 |9 55159 |a Arxiu |b Arxiu |d 2016-12-01 |l 0 |o NBM-11-18 |p 24499 |r 2016-12-01 00:00:00 |w 2016-12-01 |y ARXIU | ||
| 999 | |c 59031 |d 59031 | ||